000 00768nam a2200217 a 4500
001 000021413
005 20200930011324.0
008 100907s1967 ve r 001 0 spa d
040 _aDO-SdBNP
_bspa
_cBNPHU
082 _a467.987
_bA454s
100 1 _aAlonso, María Rosa,
_d1910-
_944677
245 1 0 _aSobre el español que se escribe en Venezuela /
_cMaría Rosa Alonso.
260 _aMérida, Venezuela :
_bUniversidad de los Andes, Facultad de Humanidades y Educación,
_c1967.
300 _a125 p. ;
_c22 cm.
504 _aIncluye índice
504 _aIncluye referencias bibliográficas y notas al pie de las páginas.
650 4 _aEspañol en venezuela
_944678
650 4 _aEspañol
_xDialectos
_918841
650 4 _aVenezolanismos
_927925
049 _aBNGR
999 _c20913
_d20913